Statistiche per Ultimo - Pianeti - testo

Clicka qui per fare il quiz!

Statistiche generali

  • Questo quiz è stato fatto 177 volte
  • Il punteggio medio è 339 su 469

Statistiche sulle risposte

Risposta% Corretto
i
100%
a
97%
A
97%
E
96%
è
96%
È
96%
e
96%
tu
94%
Ma
92%
ma
92%
ti
92%
Ti
92%
il
91%
Che
90%
che
90%
le
90%
non
90%
se
90%
so
90%
In
89%
in
89%
Io
89%
io
89%
mi
89%
da
88%
la
88%
Per
88%
per
88%
te
87%
pianeti
86%
di
85%
lo
85%
si
85%
un
85%
ci
84%
Ci
84%
Ho
82%
ho
82%
dove
80%
Dove
80%
tempo
80%
Tra
79%
mondo
78%
perso
78%
me
77%
perché
77%
treni
77%
voli
77%
aspetto
76%
più
76%
mare
75%
canzoni
74%
l'ho
74%
Quando
74%
sei
74%
piedi
73%
quel
73%
sotto
73%
vede
73%
capivi
72%
gli
72%
mai
72%
trovato
72%
trasforma
70%
urlavo
70%
sassi
69%
arriva
66%
fantasia
66%
nel
66%
passo
66%
tutte
66%
ha
65%
perdere
65%
poi
65%
eri
64%
cielo
63%
ero
63%
giorno
63%
sere
63%
ai
62%
anche
62%
miei
62%
insieme
61%
quelle
61%
passi
60%
cantano
59%
paure
59%
cui
58%
hanno
58%
solo
58%
riesco
57%
ultimi
57%
vero
57%
niente
56%
posto
56%
forza
55%
parte
55%
segreti
55%
sentirmi
55%
sempre
54%
senso
54%
avuto
53%
neanche
53%
tue
53%
detto
52%
mano
52%
spogliano
52%
arrivare
51%
luna
51%
ritrovare
51%
bar
50%
dentro
50%
dimenticare
50%
50%
Nelle
50%
persa
50%
precede
50%
prende
50%
ritrovarmi
50%
ritrovarti
50%
sarà
50%
secondo
50%
vedrò
50%
faccio
49%
Senza
49%
senza
49%
meno
48%
scritto
48%
aquilone
47%
bugie
47%
tuoi
47%
forse
46%
giuro
46%
Nei
46%
portano
46%
sapere
46%
alto
45%
ansie
45%
bello
45%
diventano
45%
farmi
45%
sentire
45%
mille
44%
nell'attesa
44%
vedrai
44%
Vedrai
44%
alla
43%
camminare
43%
punto
43%
sputato
43%
cure
42%
Prendimi
42%
ruota
42%
aspettami
41%
bestemmie
41%
grande
41%
sulla
41%
Come
40%
dietro
40%
capelli
39%
accettano
38%
appeso
38%
lasciarsi
35%
disegniamo
33%
una
33%
silenzi
32%
luce
31%
vita
31%
questa
30%
resta
30%
cambia
27%
finestra
27%
notte
27%
qui
27%
stessa
27%
'sto
25%
dolore
24%
regala
24%
delle
23%
poeta
23%
filtra
21%
stelle
19%
vivi
19%
bacia
18%
dannato
18%
inferno
18%
muto
17%
parlo
17%
sospesa
17%
stanza
17%
ruba
15%
restando
14%
rifiuto
14%

Distribuzione punteggi

Percentile per numero di risposta

Percentuale di utenti per punteggio

I tuoi punteggi nel tempo

Non hai fatto questo quiz